Statistics for Formula 1 Engines with the most podiums

Click here to take the quiz!

General Stats

  • This quiz has been taken 160 times
  • The average score is 8 of 20

Answer Stats

PodiumsEngine% Correct
804Ferrari
98%
557Mercedes
98%
223Honda
96%
461Renault
90%
86BMW
56%
40Alfa Romeo
53%
17Toyota
45%
535Ford Cosworth
42%
44Maserati
34%
14Peugeot
30%
65BRM
22%
28Red Bull Powertrains
15%
13Vanwall
15%
24Matra
14%
104Climax
9%
42Tag Heuer
9%
54TAG Porsche
8%
16Mugen Honda
7%
25Repco
6%
33Offenhauser
2%

Score Distribution

Percentile by Number Answered

Percent of People with Each Score

Your Score History

You have not taken this quiz